| 000 | 00614nam a22001937a 4500 | ||
|---|---|---|---|
| 003 | OSt | ||
| 005 | 20130510113054.0 | ||
| 008 | 130510s2007 sp ||||| |||| 00| 0 cat d | ||
| 020 | _a9788493536022 | ||
| 040 | _cCDMR | ||
| 100 | 1 |
_92519 _aMicó, Josep Lluís |
|
| 245 | 1 | 0 |
_aInformar a la TDT _b: notícies, reportatges i documentals a la nova televisió _cJosep Lluís Micó |
| 260 |
_aBarcelona _bTrípodos _c2007 |
||
| 300 | _a202 p. | ||
| 490 | 0 |
_aPapers d'Estudi _v19 |
|
| 650 | 0 | 4 |
_93157 _aTelevisió _xNoticiaris |
| 650 | 0 | 4 |
_93080 _aMitjans de comunicació de massa _xInnovacions tecnològiques |
| 942 |
_2udc _cMON |
||
| 999 |
_c6216 _d6216 |
||